LEADER 01033nas 2200373 c 450 001 9910146876503321 005 20260218113038.0 035 $a(CKB)1000000000525781 035 $a(OCoLC)643922034 035 $a(DE-101)978459229 035 $a(DE-599)ZDB2221275-9 035 $a(DE-599)2221275-9 035 $a(EXLCZ)991000000000525781 100 $a20060208b20052011 |y | 101 0 $ager 135 $aur||||||||||| 181 $ctxt$2rdacontent 182 $cc$2rdamedia 183 $acr$2rdacarrier 200 10$aMitteilungen / Sonderforschungsbereich 573, Pluralisierung und Autorität in der Frühen Neuzeit, 15. - 17. Jahrhundert 210 31$aMu?nchen$d2005-2011 215 $aOnline-Ressource 300 $aGesehen am 25.10.11 311 08$a1860-6717 517 $aMitteilungen 608 $aZeitschrift$2gnd-content 676 $a940 801 0$b0019 801 1$bDE-101 801 2$b9999 906 $aJOURNAL 912 $a9910146876503321 996 $aMitteilungen$91921076 997 $aUNINA LEADER 01783oas 2200781 a 450 001 9910141760103321 005 20260218111303.0 011 $a1472-1473 035 $a(DE-599)ZDB2022148-4 035 $a(OCoLC)46851972 035 $a(CONSER) 2005252018 035 $a(CKB)960238990658 035 $a(DE-599)2022148-4 035 $a(EXLCZ)99960238990658 100 $a20010501b19882009 sy 101 0 $aeng 135 $aur||||||||||| 181 $ctxt$2rdacontent 182 $cc$2rdamedia 183 $acr$2rdacarrier 200 10$aPsychiatric bulletin 210 1$aLondon :$cRoyal College of Psychiatrists,$d1988-2009. 215 $a1 online resource 300 $aRefereed/Peer-reviewed 311 08$a0955-6036 517 1 $aPB 517 1 $aPB online 531 0 $aPsychtr. bull. 606 $aPsychiatry$vPeriodicals 606 $aPsychiatry 606 $aPsychiatry$2fast$3(OCoLC)fst01081152 608 $aPeriodicals.$2fast 615 0$aPsychiatry 615 2$aPsychiatry. 615 7$aPsychiatry. 712 02$aRoyal College of Psychiatrists 801 0$bEXW 801 1$bEXW 801 2$bOCLCQ 801 2$bWAU 801 2$bOCL 801 2$bOCLCQ 801 2$bBUF 801 2$bNUI 801 2$bBUF 801 2$bOCLCQ 801 2$bOCLCF 801 2$bTXA 801 2$bVT2 801 2$bOCLCQ 801 2$bOCLCO 801 2$bOCLCQ 801 2$bU3W 801 2$bAU@ 801 2$bOCLCO 801 2$bWYU 801 2$bOCLCO 801 2$bCUS 801 2$bOCLCO 801 2$bOCLCA 801 2$bOCLCQ 801 2$bUEJ 801 2$bOCLCL 801 2$bOCLCQ 906 $aJOURNAL 912 $a9910141760103321 996 $aPsychiatric bulletin$91896291 997 $aUNINA